000 nam a22 7a 4500
999 _c8872
_d8872
008 180316b ||||| |||| 00| 0 eng d
245 _aDuterte firm:
_byes to family planning, but no to abortion.
260 _aPhilippines:
_bManila Bulletin,
_cc2017.
300 _apage 4.
650 0 _926856
_aBirth control.
942 _2ddc
_cPER